[Event "CAN-op"]
[Site "Quebec CAN"]
[Date "2018.07.08"]
[Round "3.6"]
[White "Cherniaev, Alexander"]
[Black "Tomb, Maroun"]
[Result "1/2-1/2"]
[WhiteElo "2421"]
[BlackElo "2152"]
[PlyCount "141"]
[EventDate "2018.07.07"]
[EventType "swiss"]
[EventRounds "9"]
[EventCountry "CAN"]

1. e4 d6 2. Nc3 Nf6 3. f4 d5 4. e5 d4 5. Nce2 Nd5 6. c4 Nb4 7. d3 c5 8. Nf3 a5
9. a3 N4c6 10. g3 f5 11. Bg2 e6 12. h3 Be7 13. g4 g6 14. Rg1 a4 15. Bh1 Qb6 16.
Rb1 Bd7 17. Bd2 Na5 18. gxf5 gxf5 19. Bxa5 Qxa5+ 20. Kf2 Bc6 21. Ng5 Bxh1 22.
Rxh1 Bxg5 23. fxg5 Nc6 24. Nf4 O-O-O 25. Qe2 Rde8 26. h4 Rhg8 27. Rbe1 Qc7 28.
Rh3 Re7 29. Rg3 Kb8 30. Kg2 Nd8 31. Kh3 Nf7 32. Kh2 Rg7 33. Kh3 Rg8 34. Rg2 Rg7
35. Nh5 Rg6 36. Rg3 Kc8 37. Rgg1 Kb8 38. Rg2 Kc8 39. Rg3 Kb8 40. Rgg1 Kc8 41.
Qh2 Qc6 42. Qf4 h6 43. gxh6 Rxh6 44. Nf6 Rh8 45. Rg7 Nxe5 46. Rxe7 Nxd3 47. Qg3
Nxe1 48. Qxe1 Qf3+ 49. Kh2 Qf4+ 50. Kg2 d3 51. Qxe6+ Kb8 52. Re8+ Rxe8 53.
Qxe8+ Ka7 54. Qxa4+ Kb8 55. Qe8+ Ka7 56. Qa4+ Kb8 57. Qa5 Qxh4 58. Qd8+ Ka7 59.
Qa5+ Kb8 60. Nd7+ Kc8 61. Nb6+ Kb8 62. Qa8+ Kc7 63. Nd5+ Kd6 64. Qb8+ Ke6 65.
Qc8+ Ke5 66. Qe8+ Kd4 67. Qe3+ Kxc4 68. Nf4 Qg4+ 69. Kf2 Qh4+ 70. Kg2 Qg4+ 71.
Kf2 1/2-1/2

[Event "CAN-op"]
[Site "Quebec CAN"]
[Date "2018.07.08"]
[Round "3.7"]
[White "Bitan, Banerjee"]
[Black "Li, Eric M"]
[Result "1-0"]
[WhiteElo "2398"]
[BlackElo "1880"]
[PlyCount "43"]
[EventDate "2018.07.07"]
[EventType "swiss"]
[EventRounds "9"]
[EventCountry "CAN"]

1. d4 Nf6 2. c4 g6 3. Nc3 d5 4. Nf3 Bg7 5. e3 O-O 6. Bd2 c5 7. dxc5 dxc4 8.
Bxc4 Qc7 9. Rc1 Qxc5 10. Nb5 Qb6 11. Nc7 Qxc7 12. Bxf7+ Rxf7 13. Rxc7 Nc6 14.
Ng5 Nd5 15. Rxc8+ Rxc8 16. Nxf7 Kxf7 17. Qb3 e6 18. O-O Rc7 19. h3 Rd7 20. Rd1
Ke7 21. e4 Nb6 22. Bg5+ 1-0

[Event "CAN-op"]
[Site "Quebec CAN"]
[Date "2018.07.08"]
[Round "3.8"]
[White "Itkin, David"]
[Black "Zhang, Henry"]
[Result "1-0"]
[WhiteElo "2239"]
[BlackElo "1979"]
[PlyCount "55"]
[EventDate "2018.07.07"]
[EventType "swiss"]
[EventRounds "9"]
[EventCountry "CAN"]

1. e4 c5 2. Nf3 e6 3. d4 cxd4 4. Nxd4 Nc6 5. Nc3 Qc7 6. Be2 a6 7. O-O Nf6 8.
Kh1 Be7 9. f4 d6 10. Be3 O-O 11. Qe1 Nxd4 12. Bxd4 b5 13. a3 Bb7 14. Qg3 Rad8
15. Rae1 Bc6 16. Bd3 Qd7 17. b4 Ra8 18. e5 dxe5 19. Bxe5 a5 20. f5 axb4 21.
axb4 Ra3 22. Qh4 Ne4 23. f6 gxf6 24. Nxe4 Rxd3 25. Nxf6+ Bxf6 26. Qxf6 Bxg2+
27. Kg1 Qa7+ 28. Rf2 1-0

[Event "CAN-op"]
[Site "Quebec CAN"]
[Date "2018.07.08"]
[Round "3.9"]
[White "Saha, Ananda"]
[Black "Doknjas, Joshua"]
[Result "0-1"]
[WhiteElo "1950"]
[BlackElo "2216"]
[PlyCount "78"]
[EventDate "2018.07.07"]
[EventType "swiss"]
[EventRounds "9"]
[EventCountry "CAN"]

1. Nf3 c5 2. g3 g6 3. Bg2 Bg7 4. d3 Nc6 5. O-O e5 6. c4 Nge7 7. Nc3 d6 8. Bd2
O-O 9. Rb1 Rb8 10. a3 a5 11. Na2 d5 12. cxd5 Nxd5 13. Nc3 Nde7 14. Na4 b6 15.
Ne1 Be6 16. Nc3 Qd7 17. Qc1 Nd4 18. Nf3 Bg4 19. Rd1 b5 20. Be3 b4 21. Bxd4 cxd4
22. Ne4 Rbc8 23. Qd2 f5 24. Neg5 h6 25. h3 Bh5 26. g4 fxg4 27. hxg4 Bxg4 28.
Ne4 Nd5 29. Ng3 Nf4 30. axb4 axb4 31. Rbc1 Rxc1 32. Rxc1 Qf7 33. Rc4 h5 34.
Rxb4 h4 35. Nxh4 Nxe2+ 36. Nxe2 Qxf2+ 37. Kh2 Qxh4+ 38. Kg1 Qf2+ 39. Kh2 Rf5
0-1

[Event "CAN-op"]
[Site "Quebec CAN"]
[Date "2018.07.08"]
[Round "3.10"]
[White "Auger, Bertrand"]
[Black "Tanaka, Tyler"]
[Result "0-1"]
[WhiteElo "1935"]
[BlackElo "2054"]
[PlyCount "106"]
[EventDate "2018.07.07"]
[EventType "swiss"]
[EventRounds "9"]
[EventCountry "CAN"]

1. Nf3 Nf6 2. g3 g6 3. b4 Bg7 4. Bb2 O-O 5. Bg2 d6 6. O-O e5 7. d3 a5 8. a3 e4
9. dxe4 Nxe4 10. Bxg7 Kxg7 11. Qd4+ Qf6 12. Qxf6+ Nxf6 13. Nbd2 Re8 14. e3 Nc6
15. b5 Ne5 16. h3 Nxf3+ 17. Nxf3 Ne4 18. c4 Bd7 19. Rfd1 Re7 20. Rac1 Rae8 21.
Nd4 b6 22. Nb3 Nxg3 23. fxg3 Rxe3 24. Nd4 Rxg3 25. Kf2 Rxa3 26. Re1 Rxe1 27.
Rxe1 Kf6 28. h4 Be6 29. Bd5 Bxd5 30. cxd5 Rc3 31. Re8 Rc5 32. Ke3 Rxd5 33. Kd3
Rc5 34. Rh8 h6 35. Rc8 Kg7 36. Re8 g5 37. h5 g4 38. Rc8 Kf6 39. Ke4 Kg5 40.
Rg8+ Kxh5 41. Nf5 Rxb5 42. Kf4 Rb4+ 43. Kg3 f6 44. Kg2 Rb2+ 45. Kg1 Rb5 46.
Ng3+ Kh4 47. Kf2 f5 48. Rg6 Rb2+ 49. Ne2 f4 50. Kf1 f3 51. Nd4 Kg3 52. Nf5+ Kf4
53. Nxh6 Rb1+ 0-1

[Event "CAN-op"]
[Site "Quebec CAN"]
[Date "2018.07.08"]
[Round "3.11"]
[White "Drolet, Stephane"]
[Black "Hay, Jonathan"]
[Result "1-0"]
[WhiteElo "2052"]
[BlackElo "1772"]
[PlyCount "143"]
[EventDate "2018.07.07"]
[EventType "swiss"]
[EventRounds "9"]
[EventCountry "CAN"]

1. d4 c6 2. Nf3 d5 3. Bf4 Nf6 4. e3 Bf5 5. h3 h6 6. c4 e6 7. Qb3 Qc8 8. Nc3 Be7
9. Rc1 O-O 10. Be2 Nbd7 11. O-O Nb6 12. c5 Nbd7 13. Qd1 Bd8 14. Bd6 Re8 15. b4
Bc7 16. Bf4 e5 17. dxe5 Nxe5 18. Nd4 Bd7 19. Kh2 Ng6 20. Bxc7 Qxc7+ 21. Kh1 Ne4
22. Nxe4 Rxe4 23. Bd3 Ree8 24. Bxg6 fxg6 25. Qd3 Kh7 26. f4 Re4 27. Rf3 Bf5 28.
g4 Rxd4 29. Qxd4 Be4 30. Rcf1 a5 31. a3 axb4 32. axb4 Qe7 33. Kg1 Re8 34. Rg3
Qh4 35. Kh2 Ra8 36. Ra1 Re8 37. Ra7 Qe7 38. b5 Qd7 39. bxc6 Qxc6 40. Ra2 Rc8
41. Rb2 Ra8 42. Rg1 Ra4 43. Qe5 Qxc5 44. Rxb7 Ra2+ 45. Kg3 Qxe3+ 46. Kh4 g5+
47. fxg5 hxg5+ 48. Qxg5 Qxg5+ 49. Kxg5 Ra6 50. Re7 Rg6+ 51. Kh4 Rh6+ 52. Kg3
Rc6 53. h4 Kg6 54. Kf4 Kf6 55. Rd7 g6 56. Ra1 Ke6 57. Raa7 Rc4 58. Re7+ Kd6 59.
Rad7+ Kc6 60. Rc7+ Kd6 61. Red7+ Ke6 62. Rxc4 Kxd7 63. Rb4 Ke6 64. Rb6+ Kf7 65.
Kg5 Ke7 66. Kf4 Kf7 67. Ke5 Kg7 68. Rb7+ Kg8 69. Rd7 Kh8 70. Kf6 Kg8 71. h5
gxh5 72. g5 1-0

[Event "CAN-op"]
[Site "Quebec CAN"]
[Date "2018.07.08"]
[Round "3.12"]
[White "Lehingrat, Callum"]
[Black "Manley, Jason"]
[Result "0-1"]
[WhiteElo "1853"]
[BlackElo "2051"]
[PlyCount "104"]
[EventDate "2018.07.07"]
[EventType "swiss"]
[EventRounds "9"]
[EventCountry "CAN"]

1. d4 e6 2. c4 f5 3. Nf3 b6 4. g3 Bb7 5. Bg2 Nf6 6. O-O Be7 7. b3 O-O 8. Bb2
Qe8 9. Nc3 Qh5 10. e3 d6 11. Nd2 Bxg2 12. Qxh5 Nxh5 13. Kxg2 Nd7 14. Rfd1 c6
15. Rac1 g5 16. d5 Ne5 17. Nf3 Nxf3 18. Kxf3 exd5 19. cxd5 c5 20. Re1 a6 21.
Kg2 Bf6 22. f3 b5 23. Rc2 Rae8 24. Rd2 f4 25. Ne4 Rxe4 26. fxe4 f3+ 27. Kh3
Bxb2 28. Rxb2 Nf6 29. e5 g4+ 30. Kh4 dxe5 31. e4 Kf7 32. d6 Rg8 33. d7 Nxd7 34.
h3 h5 35. Rd2 Ke7 36. Rd5 Ke6 37. Red1 Nf6 38. Rd6+ Ke7 39. Rxa6 Nxe4 40. Rd5
Rg5 41. Ra7+ Ke6 42. Rdd7 Rg8 43. Re7+ Kf5 44. Rf7+ Nf6 45. Ra6 Rg6 46. Rd6 f2
47. Rd1 Ke4 48. Rf8 Ke3 49. Rfd8 e4 50. b4 cxb4 51. a3 Kf3 52. axb4 Kg2 0-1

[Event "CAN-op"]
[Site "Quebec CAN"]
[Date "2018.07.08"]
[Round "3.14"]
[White "Chevalier, Francois"]
[Black "Richardson, Kai"]
[Result "0-1"]
[WhiteElo "1720"]
[BlackElo "1973"]
[PlyCount "74"]
[EventDate "2018.07.07"]
[EventType "swiss"]
[EventRounds "9"]
[EventCountry "CAN"]

1. d4 d5 2. Bf4 c5 3. e3 Nf6 4. c3 Qb6 5. Qb3 c4 6. Qc2 Nc6 7. Nd2 e6 8. Ngf3
Qd8 9. Be2 Bd6 10. Bxd6 Qxd6 11. O-O O-O 12. e4 Qf4 13. e5 Nh5 14. b3 b5 15. a4
bxa4 16. bxc4 Bd7 17. cxd5 exd5 18. Bd3 g6 19. Rfb1 Rfc8 20. Rb7 Be8 21. Qa2
Nd8 22. Ba6 Rxc3 23. Rb4 Ne6 24. Qb2 Rc7 25. g3 Qg4 26. Kh1 Kg7 27. Bf1 Qf5 28.
Ra2 Rac8 29. Ba6 Rc1+ 30. Bf1 R8c2 31. Qa3 Rxf1+ 32. Nxf1 Rxa2 33. Qxa2 Qxf3+
34. Kg1 a5 35. Rb2 Nxd4 36. Rd2 Qg4 37. Ne3 Nf3+ 0-1

[Event "CAN-op"]
[Site "Quebec CAN"]
[Date "2018.07.08"]
[Round "3.15"]
[White "Cui, Cynthia"]
[Black "Callier, Christophe"]
[Result "1/2-1/2"]
[WhiteElo "1692"]
[BlackElo "1968"]
[PlyCount "107"]
[EventDate "2018.07.07"]
[EventType "swiss"]
[EventRounds "9"]
[EventCountry "CAN"]

1. c4 Nf6 2. Nc3 g6 3. g3 Bg7 4. Bg2 d6 5. Nf3 c5 6. d4 cxd4 7. Nxd4 Qb6 8. O-O
Nc6 9. Nxc6 bxc6 10. Qc2 Bd7 11. e4 Rb8 12. b3 h5 13. h4 Ng4 14. Bb2 O-O 15.
Na4 Qb4 16. Bxg7 Kxg7 17. c5 dxc5 18. Qxc5 Qxc5 19. Nxc5 Bc8 20. Rfc1 Rd8 21.
Rd1 Rd6 22. Rac1 Rb5 23. Rxd6 exd6 24. Na4 Bb7 25. Rd1 d5 26. exd5 cxd5 27. Nc3
Rc5 28. Nxd5 Bxd5 29. Rxd5 Rc2 30. Ra5 Rxf2 31. Rxa7 Rd2 32. Bc6 Kf6 33. b4 Ne5
34. Be4 Rd4 35. Ra6+ Kg7 36. Bc2 Rxb4 37. Bb3 Rd4 38. Ra5 Kf6 39. Rd5 Re4 40.
Rd6+ Ke7 41. Rd1 Re3 42. Kg2 Ng4 43. Rd2 f5 44. Bd1 Re6 45. Bxg4 fxg4 46. a4
Re3 47. Ra2 Kd7 48. a5 Kc7 49. a6 Kb8 50. a7+ Ka8 51. Kf2 Rf3+ 52. Kg2 Rf7 53.
Ra6 Rxa7 54. Rxg6 1/2-1/2

[Event "CAN-op"]
[Site "Quebec CAN"]
[Date "2018.07.08"]
[Round "3.16"]
[White "Gaisinsky, Adam"]
[Black "Tinica, Gabriel"]
[Result "1-0"]
[WhiteElo "1959"]
[BlackElo "1658"]
[PlyCount "77"]
[EventDate "2018.07.07"]
[EventType "swiss"]
[EventRounds "9"]
[EventCountry "CAN"]

1. e4 c5 2. Nf3 g6 3. d4 cxd4 4. Nxd4 Bg7 5. c4 Nc6 6. Be3 Nf6 7. Nc3 Ng4 8.
Qxg4 Nxd4 9. Qd1 e5 10. Qd2 a6 11. Ne2 Ne6 12. g3 O-O 13. Bg2 f5 14. O-O Qf6
15. f4 exf4 16. Nxf4 Qxb2 17. Qxb2 Bxb2 18. Rab1 Bd4 19. Bxd4 Nxd4 20. exf5
Nxf5 21. Bd5+ Kg7 22. Bxb7 Bxb7 23. Rxb7 Rf7 24. Nd5 h5 25. Nb6 Re8 26. Rxd7
Rxd7 27. Nxd7 Re2 28. a4 Rc2 29. c5 a5 30. Rf2 Rc1+ 31. Kg2 Rc4 32. Rf4 Rc3 33.
Re4 Ne3+ 34. Kf2 Ng4+ 35. Ke2 Rc1 36. Kd2 Rd1+ 37. Kxd1 Nf2+ 38. Ke2 Nxe4 39.
Kd3 1-0

[Event "CAN-op"]
[Site "Quebec CAN"]
[Date "2018.07.08"]
[Round "3.17"]
[White "Chang, Alexander RZ"]
[Black "Zhu, Brandon"]
[Result "1/2-1/2"]
[WhiteElo "1597"]
[BlackElo "1959"]
[PlyCount "149"]
[EventDate "2018.07.07"]
[EventType "swiss"]
[EventRounds "9"]
[EventCountry "CAN"]

1. e4 e5 2. Nf3 Nc6 3. Bc4 Nf6 4. d3 Be7 5. O-O O-O 6. Re1 d6 7. a4 Na5 8. Ba2
c5 9. Nbd2 Nc6 10. c3 Re8 11. Nc4 h6 12. h3 Bf8 13. Be3 d5 14. exd5 Nxd5 15.
Qd2 Kh8 16. Nh2 Qc7 17. Rf1 Nf4 18. Rae1 Be6 19. Bxf4 exf4 20. Re4 Bf5 21. Rxe8
Rxe8 22. Nf3 g5 23. Re1 Rxe1+ 24. Nxe1 Bg7 25. Qe2 Bf6 26. Nf3 Kg7 27. Ncd2 Ne5
28. Nxe5 Bxe5 29. Ne4 b6 30. Bc4 Bg6 31. f3 f6 32. Qc2 Qc8 33. Qb3 Bf5 34. Kh2
h5 35. Qd1 Qd8 36. Qc2 Qe8 37. Bb5 Qg6 38. Qf2 g4 39. Qe1 Bc8 40. Nd2 Qf5 41.
Qe4 Qg5 42. Qe1 gxh3 43. gxh3 Qg3+ 44. Qxg3+ fxg3+ 45. Kg2 h4 46. Nc4 Bf5 47.
Ne3 Be6 48. Bc4 Bd7 49. Bb3 Kg6 50. Nc2 Bf4 51. Na3 Bc1 52. Nc4 Bf5 53. d4 cxd4
54. cxd4 Be6 55. Bc2+ Kg5 56. b3 f5 57. Bd3 Kf4 58. Bf1 Be3 59. Bd3 Bxd4 60.
Bf1 Bd5 61. Be2 a5 62. Bd1 Bxc4 63. bxc4 Bc5 64. Bc2 Ke5 65. Bd3 Bf2 66. Bc2
Bd4 67. Bd3 Bc3 68. Bc2 f4 69. Be4 Kd4 70. Bc6 Kxc4 71. Bb5+ Kd4 72. Bc6 Ke3
73. Bb5 Kd2 74. Bc6 Kc2 75. Bb5 1/2-1/2

[Event "CAN-op"]
[Site "Quebec CAN"]
[Date "2018.07.08"]
[Round "3.21"]
[White "Malakhovets, Sergey"]
[Black "James, Rowan"]
[Result "1-0"]
[WhiteElo "1923"]
[BlackElo "1823"]
[PlyCount "55"]
[EventDate "2018.07.07"]
[EventType "swiss"]
[EventRounds "9"]
[EventCountry "CAN"]

1. d4 d5 2. Nf3 Nf6 3. Bf4 c5 4. e3 Nc6 5. Nbd2 e6 6. c3 Bd6 7. Bg3 O-O 8. Bd3
b6 9. e4 Be7 10. e5 Nh5 11. Nf1 Nxg3 12. hxg3 h6 13. Ne3 f5 14. g4 f4 15. Nf1
a5 16. Bb1 Kf7 17. Qc2 Rg8 18. Qd2 Bg5 19. Rh5 g6 20. Nxg5+ hxg5 21. Rh7+ Rg7
22. Qd3 Ne7 23. Qh3 Qg8 24. Rh8 Ba6 25. Rxg8 Kxg8 26. Bd3 Rh7 27. Qf3 cxd4 28.
Bxa6 1-0

[Event "CAN-op"]
[Site "Quebec CAN"]
[Date "2018.07.08"]
[Round "3.24"]
[White "Boshoff, Thomas"]
[Black "Mercure, Gilbert"]
[Result "0-1"]
[WhiteElo "1939"]
[BlackElo "1760"]
[PlyCount "98"]
[EventDate "2018.07.07"]
[EventType "swiss"]
[EventRounds "9"]
[EventCountry "CAN"]

1. e4 d5 2. exd5 Nf6 3. d4 Bg4 4. Nf3 Qxd5 5. Be2 Nc6 6. c4 Qd7 7. d5 Bxf3 8.
Bxf3 Ne5 9. Be2 e6 10. Qb3 exd5 11. Qxb7 Qc6 12. Qxc6+ Nxc6 13. cxd5 Nd4 14.
Bd3 Bb4+ 15. Nc3 Nxd5 16. Bd2 Bxc3 17. bxc3 Ne6 18. Bb5+ Ke7 19. Bc6 Rad8 20.
c4 Ndf4 21. Bb4+ Kf6 22. O-O Nd4 23. Rad1 Nxc6 24. Bc3+ Kg6 25. Bd2 Nd4 26.
Rfe1 Rhe8 27. Be3 c5 28. Kf1 Nfe6 29. Rb1 Rb8 30. g3 Nc2 31. Red1 Ned4 32. Rxb8
Rxb8 33. Bxd4 Nxd4 34. Re1 Kf6 35. f4 Rb4 36. g4 Rxc4 37. Kf2 Rc2+ 38. Kg3 Rxh2
39. g5+ Kg6 40. Re5 Rc2 41. Rd5 Nf5+ 42. Kf3 Rc3+ 43. Kf2 c4 44. Ra5 Nd4 45.
Rxa7 Rf3+ 46. Kg2 c3 47. Rd7 c2 48. Rxd4 Rc3 49. Rd6+ Kh5 0-1

[Event "CAN-op"]
[Site "Quebec CAN"]
[Date "2018.07.08"]
[Round "3.25"]
[White "Saine, Zachary"]
[Black "Bluteau, Yvon"]
[Result "1-0"]
[WhiteElo "1899"]
[BlackElo "1758"]
[PlyCount "73"]
[EventDate "2018.07.07"]
[EventType "swiss"]
[EventRounds "9"]
[EventCountry "CAN"]

1. e4 b6 2. d4 Bb7 3. Bd3 e6 4. Nf3 Nf6 5. Qe2 d5 6. e5 Nfd7 7. Be3 c5 8. c3
Nc6 9. a3 Be7 10. O-O a5 11. Nbd2 c4 12. Bc2 b5 13. Ne1 b4 14. f4 g6 15. g4 Qc7
16. axb4 axb4 17. Rxa8+ Bxa8 18. f5 gxf5 19. gxf5 Rg8+ 20. Ng2 Kd8 21. f6 Nxf6
22. exf6 Bd6 23. Qh5 Qd7 24. Nf3 Kc7 25. Bh6 bxc3 26. bxc3 Rb8 27. Bxh7 Rb2 28.
Bg8 Nd8 29. Ng5 Qa4 30. Bxf7 Qc2 31. Qh3 e5 32. Ne6+ Nxe6 33. Bxe6 exd4 34. Bf4
d3 35. Bxd6+ Kxd6 36. f7 d4 37. f8=Q+ 1-0

[Event "CAN-op"]
[Site "Quebec CAN"]
[Date "2018.07.09"]
[Round "4.4"]
[White "Fedorowicz, John"]
[Black "Itkin, David"]
[Result "1/2-1/2"]
[WhiteElo "2425"]
[BlackElo "2239"]
[PlyCount "29"]
[EventDate "2018.07.07"]
[EventType "swiss"]
[EventRounds "9"]
[EventCountry "CAN"]

1. e4 c6 2. d4 d5 3. exd5 cxd5 4. c4 Nf6 5. Nc3 e6 6. Nf3 Bb4 7. cxd5 Nxd5 8.
Bd2 O-O 9. Bd3 Nc6 10. O-O Be7 11. Nxd5 exd5 12. h3 Bf6 13. Bc3 g6 14. Qb3 Rb8
15. Rad1 1/2-1/2

[Event "CAN-op"]
[Site "Quebec CAN"]
[Date "2018.07.09"]
[Round "4.7"]
[White "Tanaka, Tyler"]
[Black "Cherniaev, Alexander"]
[Result "0-1"]
[WhiteElo "2054"]
[BlackElo "2421"]
[PlyCount "112"]
[EventDate "2018.07.07"]
[EventType "swiss"]
[EventRounds "9"]
[EventCountry "CAN"]

1. e4 g6 2. d4 Bg7 3. c4 d6 4. Nc3 Nf6 5. Be2 O-O 6. Bg5 c6 7. Qd2 a6 8. a4 a5
9. Nf3 Na6 10. O-O Bg4 11. h3 Bxf3 12. Bxf3 e5 13. Rfd1 exd4 14. Qxd4 h6 15.
Bh4 g5 16. Bg3 Nh5 17. Qxd6 Nxg3 18. Qxg3 Qe7 19. Bg4 Nc5 20. Bf5 Qe5 21. Qe3
Nb3 22. Rab1 Nd4 23. Bg4 Rae8 24. Ne2 Nxe2+ 25. Bxe2 Qxe4 26. Qxe4 Rxe4 27. Bd3
Rd4 28. b3 Rfd8 29. Be2 Rd2 30. Kf1 Bf8 31. Rxd2 Rxd2 32. Rd1 Rb2 33. Rd3 Bc5
34. g4 Kf8 35. Rf3 Ke7 36. Bd1 f6 37. Rf5 Bd4 38. c5 Kf8 39. Ke1 Kg7 40. Kf1
Kg6 41. Rf3 Bxc5 42. Be2 Kf7 43. Bc4+ Ke7 44. Rf5 Bd4 45. Ke1 Kd6 46. Kf1 Be5
47. Rf3 Kc5 48. Re3 b5 49. axb5 cxb5 50. Bf7 Kb4 51. Re4+ Ka3 52. Ke1 Rxb3 53.
Bxb3 Kxb3 54. Kd2 a4 55. Kc1 a3 56. Re3+ Bc3 0-1

[Event "CAN-op"]
[Site "Quebec CAN"]
[Date "2018.07.09"]
[Round "4.8"]
[White "Doknjas, Joshua"]
[Black "Drolet, Stephane"]
[Result "1-0"]
[WhiteElo "2216"]
[BlackElo "2052"]
[PlyCount "81"]
[EventDate "2018.07.07"]
[EventType "swiss"]
[EventRounds "9"]
[EventCountry "CAN"]

1. e4 Nc6 2. Nf3 e6 3. d4 d5 4. Nbd2 Nf6 5. e5 Nd7 6. Bd3 f6 7. Ng5 Ndxe5 8.
dxe5 Nxe5 9. Ngf3 Nxd3+ 10. cxd3 Bd6 11. b3 e5 12. Bb2 Bf5 13. Qe2 Qe7 14. d4
e4 15. Nh4 Be6 16. g3 O-O-O 17. f4 f5 18. Ng2 h6 19. O-O-O Qe8 20. Kb1 Kb8 21.
Ne3 g5 22. Ng2 Bf7 23. Rdf1 Be6 24. Rf2 Rh7 25. Nf1 Rf7 26. Nfe3 Qc6 27. Rc1
Qb6 28. g4 fxg4 29. f5 Rdf8 30. Rcf1 Bd7 31. Qxg4 Bb5 32. Rc1 Bd3+ 33. Ka1 c6
34. Qh5 Qd8 35. Qxh6 Rh8 36. Qg6 Qf8 37. f6 Rg8 38. Qf5 Bf4 39. Nxf4 Rxf6 40.
Qe5+ Ka8 41. Nxd3 1-0

[Event "CAN-op"]
[Site "Quebec CAN"]
[Date "2018.07.09"]
[Round "4.10"]
[White "Manley, Jason"]
[Black "Dukic, Zachary"]
[Result "1/2-1/2"]
[WhiteElo "2051"]
[BlackElo "2118"]
[PlyCount "193"]
[EventDate "2018.07.07"]
[EventType "swiss"]
[EventRounds "9"]
[EventCountry "CAN"]

1. e4 e5 2. Nf3 Nc6 3. Bc4 Bc5 4. b4 Bxb4 5. c3 Ba5 6. d4 b5 7. Bxb5 Nxd4 8.
Nxd4 exd4 9. Qxd4 Qf6 10. O-O Bb6 11. Qd2 Ne7 12. Bb2 O-O 13. c4 Qg6 14. Nc3 c6
15. Ba4 d5 16. Kh1 dxe4 17. Qe2 Bf5 18. Rfe1 Bd4 19. Rad1 c5 20. f3 exf3 21.
gxf3 Be6 22. Nb5 Bxb2 23. Qxb2 Nf5 24. Qa3 Rad8 25. Bc2 Qh5 26. Rg1 Rxd1 27.
Bxd1 Rd8 28. Nxa7 h6 29. Bc2 Nd4 30. Nc6 Rd7 31. Nxd4 cxd4 32. Qd3 g6 33. Rg3
Kh7 34. Qe2 Qc5 35. Bxg6+ fxg6 36. Qxe6 Rg7 37. f4 Qh5 38. Qe4 Qc5 39. Qd3 Qc6+
40. Kg1 Qf6 41. Rf3 Re7 42. Kf1 Qh4 43. Qd2 Qg4 44. Rg3 Qf5 45. Qxd4 Qb1+ 46.
Kg2 Qxa2+ 47. Kh3 Qe2 48. Qd3 Qe6+ 49. Kg2 Rc7 50. Re3 Qg4+ 51. Rg3 Qe6 52. Re3
Qf7 53. Re4 Qf5 54. Qe2 Qf6 55. Kg3 h5 56. h3 Rb7 57. Re3 Rb2 58. Re7+ Kh6 59.
Qe5 h4+ 60. Kf3 Rb3+ 61. Ke4 Qxe5+ 62. Rxe5 Rxh3 63. Kd4 Rf3 64. Re4 h3 65. Ke5
h2 66. Re1 Re3+ 67. Rxe3 h1=Q 68. Re4 Qh5+ 69. Kd6 Qf5 70. Rd4 Qf6+ 71. Kd5
Qd8+ 72. Ke5 Qc7+ 73. Kd5 Kg7 74. c5 Kf6 75. c6 Kf5 76. Rc4 Kf6 77. Re4 Kf7 78.
Rc4 Qa5+ 79. Kd6 Qa3+ 80. Kc7 Qb3 81. Rd4 Kf6 82. Kc8 Qb6 83. Rd6+ Kf5 84. Kd7
Qb5 85. Kd8 Qb8+ 86. Kd7 Qb5 87. Kd8 Qb4 88. Kd7 Qb5 89. Kd8 Qb4 90. Kd7 Qa4
91. Ke7 Qa7+ 92. Kd8 Qc5 93. Kd7 Qb5 94. Kd8 Qb4 95. Kd7 Qa4 96. Ke7 Qa5 97.
Kd7 1/2-1/2

[Event "CAN-op"]
[Site "Quebec CAN"]
[Date "2018.07.09"]
[Round "4.11"]
[White "Tremblay, Rejean"]
[Black "Gaisinsky, Adam"]
[Result "1/2-1/2"]
[WhiteElo "2196"]
[BlackElo "1959"]
[PlyCount "82"]
[EventDate "2018.07.07"]
[EventType "swiss"]
[EventRounds "9"]
[EventCountry "CAN"]

1. d4 Nf6 2. c4 e6 3. Nf3 b6 4. a3 Bb7 5. Nc3 d5 6. cxd5 Nxd5 7. e3 Be7 8. Bb5+
c6 9. Bd3 O-O 10. O-O c5 11. Qe2 Nd7 12. Rd1 Rc8 13. Nxd5 exd5 14. Bf5 g6 15.
Bh3 f5 16. dxc5 bxc5 17. b3 Bf6 18. Bb2 Qe7 19. b4 c4 20. Bxf6 Nxf6 21. Nd4 Ne4
22. Rdc1 Qh4 23. f4 Rf6 24. Rc2 Rb6 25. Qf1 Bc6 26. Nxc6 Rbxc6 27. Rd1 Rd8 28.
g3 Qe7 29. Bg2 Re6 30. Qf3 Nf6 31. Rc3 Re8 32. Re1 Qc7 33. Qd1 Rd8 34. Qd4 Ne4
35. Rc2 Qb6 36. Rd1 Qxd4 37. Rxd4 Red6 38. Bxe4 fxe4 39. Kf2 Kf7 40. Ke2 Ke6
41. Rd1 Rc8 1/2-1/2

[Event "CAN-op"]
[Site "Quebec CAN"]
[Date "2018.07.09"]
[Round "4.12"]
[White "Li, Eric M"]
[Black "Zhao, Jim"]
[Result "0-1"]
[WhiteElo "1880"]
[BlackElo "2169"]
[PlyCount "154"]
[EventDate "2018.07.07"]
[EventType "swiss"]
[EventRounds "9"]
[EventCountry "CAN"]

1. d4 d5 2. Bf4 Nf6 3. e3 c5 4. c3 e6 5. Nd2 Bd6 6. Bg3 O-O 7. Ngf3 Qc7 8. Ne5
Nfd7 9. f4 f6 10. Nxd7 Nxd7 11. Nf3 c4 12. Be2 b5 13. O-O Rb8 14. a3 a5 15. Qc2
Bb7 16. Nd2 e5 17. fxe5 fxe5 18. Bg4 Nf6 19. Be6+ Kh8 20. Rae1 e4 21. Bxd6 Qxd6
22. Bh3 Bc6 23. Rf2 b4 24. axb4 axb4 25. Ra1 b3 26. Qc1 Bd7 27. Bxd7 Qxd7 28.
h3 Qd6 29. Nf1 h6 30. Ra7 Nh5 31. Raf7 Nf6 32. Rxf8+ Rxf8 33. Qa1 Rf7 34. Nh2
h5 35. Qa8+ Kh7 36. Nf1 Rd7 37. Rf4 g5 38. Rf5 Kg6 39. Re5 Rd8 40. Qb7 Rd7 41.
Qa8 Re7 42. Rxe7 Qxe7 43. Ng3 Qc7 44. Nf1 Qd6 45. Kf2 Kg7 46. Ng3 Kg6 47. Nf1
Qd7 48. Ke2 g4 49. h4 g3 50. Qb8 Qg4+ 51. Ke1 Qxh4 52. Qxg3+ Qg5 53. Qxg5+ Kxg5
54. Ke2 Nd7 55. Ng3 Kg4 56. Nh1 Nb6 57. Kd2 Na4 58. Kc1 h4 59. Kb1 h3 60. Nf2+
Kg3 61. Nxh3 Nb6 62. Kc1 Kxg2 63. Nf4+ Kf2 64. Kd2 Kf3 65. Ne6 Na4 66. Nc7 Nxb2
67. Nxd5 Na4 68. Nf6 b2 69. Kc2 Kxe3 70. d5 Nxc3 71. Kxb2 Nb5 72. Ne8 Kd2 73.
d6 c3+ 74. Ka2 c2 75. d7 c1=Q 76. d8=Q+ Kc2 77. Qf6 Qb1# 0-1

[Event "CAN-op"]
[Site "Quebec CAN"]
[Date "2018.07.09"]
[Round "4.13"]
[White "Bouton, Christophe"]
[Black "Malakhovets, Sergey"]
[Result "1/2-1/2"]
[WhiteElo "2016"]
[BlackElo "1923"]
[PlyCount "92"]
[EventDate "2018.07.07"]
[EventType "swiss"]
[EventRounds "9"]
[EventCountry "CAN"]

1. e4 c6 2. d4 d5 3. Nc3 dxe4 4. Nxe4 Nf6 5. Nxf6+ exf6 6. c3 Bd6 7. Bd3 O-O 8.
Qc2 Re8+ 9. Ne2 h5 10. Be3 Nd7 11. O-O-O Nf8 12. Rde1 Be6 13. Kb1 b5 14. Bf4
Bd5 15. Bxd6 Qxd6 16. f3 Ne6 17. Ng3 c5 18. dxc5 Qa6 19. b4 Qc6 20. Bh7+ Kh8
21. Be4 a5 22. Bxd5 Qxd5 23. Rd1 Qc4 24. Ne4 axb4 25. Nd6 Qxc5 26. Nxe8 Rxe8
27. cxb4 Qxb4+ 28. Qb2 Qc4 29. Rc1 Qf4 30. Rhe1 Ra8 31. Re4 Qf5 32. Ka1 g6 33.
Qc2 Qd5 34. Qb2 Kg7 35. Ree1 b4 36. Rcd1 Qa5 37. Rxe6 fxe6 38. Rd7+ Kh6 39.
Qd2+ g5 40. Qc2 Qe5+ 41. Kb1 Qe1+ 42. Kb2 Qc3+ 43. Qxc3 bxc3+ 44. Kb3 Rc8 45.
Kc2 Ra8 46. Kb3 Rc8 1/2-1/2

[Event "CAN-op"]
[Site "Quebec CAN"]
[Date "2018.07.09"]
[Round "4.14"]
[White "Pare, Marc"]
[Black "Leger, Manon"]
[Result "1-0"]
[WhiteElo "1984"]
[BlackElo "1911"]
[PlyCount "103"]
[EventDate "2018.07.07"]
[EventType "swiss"]
[EventRounds "9"]
[EventCountry "CAN"]

1. e4 e5 2. Nf3 Nf6 3. d4 Nxe4 4. Bd3 d5 5. Nxe5 Be7 6. Nd2 Nxd2 7. Bxd2 Be6 8.
f4 g6 9. f5 gxf5 10. O-O Nd7 11. Bxf5 Nxe5 12. Bxe6 fxe6 13. dxe5 Bc5+ 14. Kh1
Qh4 15. Rf4 Qh6 16. Rf6 Qh4 17. Rxe6+ Kd7 18. Rh6 Qe4 19. e6+ Kc6 20. Qe1 Qxe1+
21. Rxe1 Rae8 22. c3 Be7 23. g3 Ref8 24. Bf4 Rf6 25. Rh5 h6 26. Kg2 Rg6 27. Re2
Rh7 28. Kf3 Bf8 29. Rf5 Bd6 30. Bxd6 Kxd6 31. e7 Rxe7 32. Rxd5+ Kxd5 33. Rxe7
Kd6 34. Re2 Rf6+ 35. Kg4 a5 36. Kh5 b5 37. h4 c5 38. g4 Kd5 39. g5 hxg5 40.
hxg5 Rf1 41. g6 Rh1+ 42. Kg5 Rg1+ 43. Kf6 Rf1+ 44. Ke7 Rg1 45. Kf7 Rf1+ 46. Kg8
Kc4 47. g7 Ra1 48. Rf2 Rxa2 49. Kf8 Kb3 50. g8=Q+ c4 51. Qd5 b4 52. Qd1# 1-0